00746nam a2200205Ia 4500003000900000008004100009020001800050040001600068080001900084245011400103250001200217260004300229300001500272650003800287700002600325700003100351942000700382999001700389952013400406IN-BaIIA211028s9999 xx 000 0 eng d a0-85226-605-7 cIIA Library a621.337.1bNAG 0aControl system engineeringcedited by I. J. Nagarth and M. Gopal  a2nd ed. aNew DelhibNew Age Internationalc1997 axii, 725p. aControl system engineering921630 aGopal, M., ed.921631 aNagarth, I. J., ed.921632 cBK c12372d12372 00104070aBANbBANcGENd1998-01-13eANJ g190.00l0o621.337.1/ NAGp13288r2021-11-05v190.00w1998-01-13yBKGRs. 190.00